| 000 | 00810nam a22002537a 4500 | ||
|---|---|---|---|
| 005 | 20170123162332.0 | ||
| 010 | _aA-412090 | ||
| 020 | _c50.00 | ||
| 035 | _aA-412090 | ||
| 037 | _bCen Lib/Ret | ||
| 040 |
_aDPL _bUR |
||
| 082 |
_a841 _bا ع ج |
||
| 100 |
_aاعجاز، ف. س _9122083 |
||
| 245 |
_aلا شریک : _cف.س. اعجاز _bمنظومات / |
||
| 246 |
_aLa shareek : manzumaat / _bby Fe Seen Ejaz |
||
| 260 |
_aکلکتہ _bانشا پبلیکیشنز _c1989 |
||
| 270 |
_bکلکتہ _e700073 _a٦-A، کنال سال سٹریٹ |
||
| 300 |
_a104p. _c20cm(Hb) |
||
| 650 |
_aادب - اردو _9122084 |
||
| 650 |
_a اردو شاعری _9122085 |
||
| 650 |
_aLiterature -- Urdu _9122086 |
||
| 650 |
_aUrdu poetry _9122087 |
||
| 942 |
_2ddc _cUR _h841 _mا ع ج |
||
| 999 |
_c107856 _d107856 |
||